| 000 | 01342nam0a2200325 4500 | ||
|---|---|---|---|
| 001 | RU\NLR\bibl\1130724 | ||
| 005 | 20260409073335.0 | ||
| 010 |
_a978-5-98150-115-9 _bКонтэнт |
||
| 010 |
_a978-5-91250-354-2 _bСофия _95000 |
||
| 021 |
_aRU _b2007-53002 _92810 |
||
| 035 | _a(NLR Aleph) 001117641 | ||
| 090 |
_a1277866 _c1277866 |
||
| 100 | _a20070920d2007 |||y0rusy50 ca | ||
| 101 | 1 |
_arus _ceng |
|
| 102 | _aRU | ||
| 105 | _aa ||||||||| | ||
| 200 | 1 |
_aФэн Шуй _e168 путей к счастью и благополучию _fЛиллиан Ту _g[пер. с англ. А. Блейз] |
|
| 210 |
_aМосква _cКонтэнт _cСофия _d2007 |
||
| 215 |
_a158 с. _cцв. ил. _d24 |
||
| 300 | _aЗагл. и авт. ориг.: 168 feng shui ways to a calm and happy life/ Lillian Too's | ||
| 454 | 0 |
_12001#$a168 feng shui ways to a calm and happy life$fLillian Too's _1700#1$3RU\NLR\auth\7763056$7ba$aToo$bL.$gLillian$4070 _t168 feng shui ways to a calm and happy life _aToo, Lillian |
|
| 606 |
_8rus _aФэн-шуй _7ca _3RU\NLR\auth\661259693 _92083627 |
||
| 686 | _aЮ3(5Кит)3 | ||
| 686 | _aЮ969 | ||
| 700 | 1 |
_4070 _8rus _7ca _aТу _bЛ. _gЛиллиан _3RU\NLR\auth\778856 _9118737 |
|
| 801 | 0 |
_aRU _bNLR _c20070920 _gRCR |
|
| 801 | 1 |
_aRU _bNLR _c20070920 |
|
| 942 | _cBOOK | ||
| 980 | _aNB | ||